| 000 | 01328nam a2200313 i 4500 | ||
|---|---|---|---|
| 001 | bg | ||
| 003 | BPK | ||
| 005 | 20131213134847.0 | ||
| 008 | 130802s1998 ne a f 101 0 eng d | ||
| 020 | _a9054109947 | ||
| 040 | _cBPK | ||
| 080 | _a624.131 | ||
| 080 | _a(06) | ||
| 111 | 2 |
_aInternational Congress International Association for Engineering Geology and the Environment _d(8 ; 1998 ; _cVancouver) |
|
| 245 | 1 | 0 |
_aEighth International Congress International Association for Engineering Geology and the Environment : _b 21-25 September 1998, Vancouver, Canada : proceedings. _nVol. 4.Theme 3, _pEngineering geology and the environment. Theme 4, Construction materials / _ced. Dennis Moore, Oldrich Hungr. |
| 246 | 3 | 1 | _aInternational Congress International Association for Engineering Geology and the Environment, 8 |
| 246 | 3 | 0 | _aEngineering geology and the environment |
| 246 | 3 | 0 | _aConstruction materials |
| 260 |
_aRotterdam ; _aBrookfield : _bA.A. Balkema, _c1998. |
||
| 300 |
_aS. XIII, [3], 2269-2978 : _bil. ; _c25 cm. |
||
| 504 | _aBibliogr. przy ref. Indeks. | ||
| 650 | 0 | _aEngineering geology | |
| 650 | 4 | _aGeologia inżynierska. | |
| 655 | 4 | _aMateriały konferencyjne. | |
| 700 | 1 |
_aMoore, Dennis. _eRed. |
|
| 700 | 1 |
_aHungr, Oldrich. _eRed. |
|
| 710 | 2 | _aA.A. Balkema (Rotterdam). | |
| 942 |
_2udc _cKS |
||
| 999 |
_c79599 _d79599 |
||
| 856 |
_uhttp://koha.tu.koszalin.pl/cgi-bin/koha/opac-detail.pl?biblionumber=79599 _yKatalog online BPK |
||